00785 a2200181 45000010006000000050017000060080041000230030015000640400040000790800032001192450066001510200018002172640039002353000019002745050261002931000026005547000023005804728920260407155740.0260407a1988 arg spa dAR-UNSa-BCEJYS aAR-UNSa-BCEJYSbspacAR-UNSa-BCEJYS a330(82)xEconomia Argentina10aDeuda externa e inestabilidad macreconómica en la Argentina a950-07-0507-9 1aBuenos Aires :bSudamericanac1988 a215 p.c21 cm. a1. Una visión impresionista de la deuda y los problemas macroeconómicos - 2. Una historia de la deuda externa - 3. De Martínez de Oz a Alfonsín - 4. El proceso de inflación alta - 5. El Plan Austral - 6. Obstáculos y vías para el crecimiento.1 aDe Pablo, Juan Carlos1 aDornbusch, Rudiger